| 000 | 00354 a2200109 4500 | ||
|---|---|---|---|
| 001 | ART_7605 | ||
| 005 | 20260410161722.0 | ||
| 008 | 260409a | ||
| 245 | 1 | 0 | _aEl segundo decenio para el desarrollo y la integración económica regional |
| 100 | 1 | _aBalassa, Bela | |
| 773 | 0 |
_tRevista de la integración _g- Nº 11 (nov. 1972) _wREV1815 |
|
| 999 |
_c17040 _d17040 |
||